00763nam a2200181 a 4500003000200000005001700002008004100019050003300060100001900093245013700112260009100249300004000340504004100380650007900421650002700500650002800527650002600555020250424121308.0050809s19uu xx 00 eng d aPHS LB 1050.5.C65b.W36 2005 aWang, Yin Tzu. aComparative study on the correlation between reading level and academic performance of Korean and Filipino students /cYin Tzu Wang. aLas Piñas City, Philippines :bSouthville International School and Colleges, c2005. a36 pages :billustrations ;c28 cm. aIncludes bibliographical references. 2Library of Congress Subject Headings aReading comprehensionzPhilippines. aComparative education. aCross-cultural studies. aAcademic achievement.